|
|
|
|
| LEADER |
00000nam a22000007a 4500 |
| 005 |
20211101215715.0 |
| 007 |
cr|||| |||| |
| 008 |
211101s2020 eu |||||s|||| 00||0 spa d |
| 020 |
|
|
|a 978-84-9123-855-3
|
| 035 |
|
|
|a 33577
|
| 040 |
|
|
|a vLex
|
| 090 |
|
|
|c 12620
|d 12620
|
| 100 |
1 |
|
|a Casanueva, Hčtor
|
| 245 |
1 |
0 |
|a Unin̤ Europea y Amřica Latina
|h [Recurso electrn̤ico] :
|b Una asociacin̤ estratǧica para los desafo̕s globales /
|c Hčtor Casanueva
|
| 256 |
|
|
|a Servicio en ln̕ea
|
| 260 |
|
|
|a Madrid:
|b Marcial Pons,
|c 2020
|
| 300 |
|
|
|a 1 recurso electrn̤ico
|
| 506 |
1 |
|
|a Disponible solo en los productos indicados
|d vLex Global
|d vLex Global (Academic Edition, excluding Law Schools)
|d vLex Global (U.S. Academic Edition, Law Schools)
|d vLex Global (U.S. Academic Edition, excluding Law Schools)
|d vLex Global (Academic Edition, Law Schools)
|
| 650 |
0 |
4 |
|a Ciencias sociales
|z Unin̤ Europea
|
| 740 |
0 |
|
|a vLex Libros (Servicio en ln̕ea)
|
| 856 |
4 |
0 |
|u https://app.vlex.com/#/sources/33577
|z Acceso restringido
|
| 942 |
|
|
|c BOOK
|
| 999 |
0 |
|
|a Social Sciences
|